000 00879nas a2200289 4500
001 BR0707055
003 BR-BrBNA
005 20231205111340.0
007 ta
008 230509b bl.|||p| |||| 00| 00por d
040 _aBR-BrBNA
_bpor
_cBiblioteca Nacional de Agricultura
041 _a(Pt)
072 _aL70; L73
100 1 _aSturion, D.J.
100 1 _aSturion, M.A.T.
100 1 _aPardo, R.B.
100 1 _aSturion, T.T.
100 1 _aSturion, A.L.T.
100 1 _aOkano, W.
245 1 _aUso do polímetro de mamona (impermaster)na impermeabilização de lesões podais de bovinos
650 _aBOVINO
650 _aLESÃO
650 _aMAMONA
773 0 _tArquivos de Ciências Veterinárias e Zoologia da UNIPAR (Brazil)
_xISSN 1415-8167
_g(Jan-Jun 2004), v. 7(1) p. 3-6
_wBR0707055
909 _a202311
_bLúcia
_c55
_dLúcia Elande
942 _2AGRIS
_n0
_cANA
999 _c192187
_d192187